Электронные лампы и их применение (Запись № 6747981)

Подробности
000 -МАРКЕР
контрольное поле 01304nam0a22002891 4500
001 - ИДЕНТИФИКАТОР ЗАПИСИ
контрольное поле rc\2962370
005 - ИДЕНТИФИКАТОР ВЕРСИИ
контрольное поле 20260528165057.0
035 ## - ДРУГИЕ СИСТЕМНЫЕ НОМЕРА
Идентификатор записи (NLR Aleph) 007108963
100 ## - ДАННЫЕ ОБЩЕЙ ОБРАБОТКИ
Данные общей обработки 20110903d1937 |||y0rusy50 ca
101 1# - ЯЗЫК РЕСУРСА
Язык текста, звукозаписи и т.д. русский
Язык оригинала английский
102 ## - СТРАНА ПУБЛИКАЦИИ ИЛИ ПРОИЗВОДСТВА
Страна публикации Российская Федерация
105 ## - ПОЛЕ КОДИРОВАННЫХ ДАННЫХ: ТЕКСТОВЫЕ МАТЕРИАЛЫ, МОНОГРАФИЧЕСКИЕ
Кодированные данные о монографическом текстовом документе a z |||||
200 1# - ЗАГЛАВИЕ И СВЕДЕНИЯ ОБ ОТВЕТСТВЕННОСТИ
Основное заглавие Электронные лампы и их применение
Первые сведения об ответственности Э.В. Эппльтон
Последующие сведения об ответственности Пер. с англ. инж. К.Э. Виллер под ред. проф. С.Э. Хайкина
210 ## - ПУБЛИКАЦИЯ, РАСПРОСТРАНЕНИЕ И ДР.
Место издания, распространения и т.д. Москва
Имя издателя, распространителя и т. д. Радиоиздат
Дата издания, распространения и т.д. 1937
Имя изготовителя 1 журн. тип. Онти
215 ## - ФИЗИЧЕСКАЯ ХАРАКТЕРИСТИКА
Специфическое обозначение материала и объем Обл., 95 с.
Другие сведения о физической характеристике черт.
Размеры 21х15 см
300 ## - ОБЩИЕ ПРИМЕЧАНИЯ
Текст примечания Доб. тит. л.: "Thermionic vakuum tubes and their applications. By E.V. Appleton, M.A., d. sc., F.R.S. Wheatstone prof. of physics, King's college. London. With 68 diagr. Methuen and Co, Lmtd. London"
513 00 - ЗАГЛАВИЕ НА ДОПОЛНИТЕЛЬНОМ ТИТУЛЬНОМ ЛИСТЕ
Заглавие на дополнительном титульном листе Thermionic vakuum tubes and their applications
Язык заглавия английский
700 #1 - ИМЯ ЛИЦА - ПЕРВИЧНАЯ ОТВЕТСТВЕННОСТЬ
Начальный элемент ввода Эплтон
Часть имени, кроме начального элемента ввода Э. В.
Даты 1892-1965
Расширение инициалов личного имени Эдвард Виктор
702 #1 - ИМЯ ЛИЦА - ВТОРИЧНАЯ ОТВЕТСТВЕННОСТЬ
Начальный элемент ввода Виллер
Часть имени, кроме начального элемента ввода К. Э.
Код отношения Переводчик
702 #1 - ИМЯ ЛИЦА - ВТОРИЧНАЯ ОТВЕТСТВЕННОСТЬ
Начальный элемент ввода Хайкин
Часть имени, кроме начального элемента ввода С. Э.
Даты 1901-1968
Расширение инициалов личного имени Семен Эммануилович
Идентификатор авторитетной/нормативной записи RU\NLR\AUTH\7776737
Код отношения Редактор
801 #0 - ИСТОЧНИК ЗАПИСИ
Страна Российская Федерация
Организация NLR
Правила каталогизации psbo
801 #1 - ИСТОЧНИК ЗАПИСИ
Страна Российская Федерация
Организация ELAR
Источник данных rusmarc
852 ## - МЕСТОНАХОЖДЕНИЕ И ШИФР ХРАНЕНИЯ
Идентификатор организации NLR
Шифр хранения (Call Number) 37-10/1093
942 ## - ДОПОЛНИТЕЛЬНЫЕ ЭЛЕМЕНТЫ ЗАПИСИ (АБИС)
Тип экземпляра АБИС Книга
980 ## - КОЛЛЕКЦИЯ
Название коллекции Национальная библиография
Экземпляры
Тип экземпляра Дата поступления Библиотека постоянного хранения Библиотека текущего хранения Место хранения Шифр хранения Штрих-код Статус экземпляра
Книга 26.10.2013 РНБ (Садовая) РНБ (Садовая) Русский книжный фонд -Главное здание, Ленинский читальный зал 37-10/1093 7108963-10